STANOVENÍ KONCENTRAČNÍCH SPÁDŮ MONOTERPENŮ V LESNÍCH POROSTECH

Bibliographic Details
Main Authors: Křůmal, Kamil (Author), Mikuška, Pavel (Author), Večeřa, Zbyněk (Author)
Format: Article
Language:Czech
ISBN:9788089275144

MARC

LEADER 00000naa a2200000uu 4500
001 vtls011058494
003 SK-MaSNL
005 20260302114112.0
008 220810|2008 xo |||||||||||||||||cze|
015 |a SNBRA 
035 |a (urnnbn)urn:nbn:sk:snk:ar-a0c0nh 
035 |a (uuid)9187ddb3-f05b-44b2-b93c-77330369be52 
035 |a urn:nbn:sk:snk-aav78f 
040 |a SNKBUCL  |b slo  |c SNKBUCL  |e AACR2 
041 0 |a cze 
044 |a xo  |c SK 
100 1 |a Křůmal, Kamil  |4 aut  |9 774947 
245 1 0 |a STANOVENÍ KONCENTRAČNÍCH SPÁDŮ MONOTERPENŮ V LESNÍCH POROSTECH  |c KAMIL KŘŮMAL, PAVEL MIKUŠKA, ZBYNĚK VEČEŘA 
700 1 |a Mikuška, Pavel  |4 aut  |9 774946 
700 1 |a Večeřa, Zbyněk  |4 aut  |9 774949 
773 0 |t Ochrana ovzdušia 2008  |d Bratislava : Kongres management, 2008  |g S. 165-168  |z 9788089275144 
954 |a odborná, vedecká literatúra cudzojazyčná (svetová)  |2 lita 
958 |a OND 
958 |a article12 
958 |a chapter 
999 |c 1258339  |d 1260269